00354pab a2200133 454500008004000000100001800040245005400058260000900112300001400121362000800135650002200143650002500165773003000190180718b2004 xxu||||| |||| 00| 0 eng d aCole, Stephen aMerton's contribution to the sociology of science c2004 ap.829-44. aDec aMerton, Robert K. aSociology of science aSocial Studies of Science